[Event "Titled Tuesday intern op 16th Jan Late"]
[Site "Chess.com INT"]
[Date "2024.01.16"]
[Round "10"]
[White "Baltaci, Ismail Tarik"]
[Black "Pham, Le Thao Nguyen"]
[Result "0-1"]
[WhiteElo "2084"]
[BlackElo "2395"]
[PlyCount "32"]
[EventDate "2024.01.16"]
[EventType "swiss (blitz)"]
[EventRounds "11"]
[EventCountry "USA"]
[SourceTitle "CB04_2024"]
[SourceDate "2023.10.16"]
[SourceVersion "1"]
[SourceVersionDate "2023.10.16"]
[SourceQuality "1"]

1. e4 c6 2. d4 d5 3. e5 Bf5 4. g4 Be4 5. f3 Bg6 6. h4 h5 7. e6 Qd6 8. exf7+ Bxf7 9. Ne2 Nd7 10. Nbc3 e5 11. Be3 Nh6 12. Bf4 exf4 13. Qd2 hxg4 14. 0-0-0 0-0-0 15. Nxf4 Qf6 16. fxg4 Nxg4 0-1

[Event "Titled Tuesday intern op 22nd Nov Late"]
[Site "Chess.com INT"]
[Date "2022.11.22"]
[Round "3"]
[White "Baltaci, Ismail Tarik"]
[Black "Mendonca, Mateus Nakajo"]
[Result "0-1"]
[WhiteElo "2068"]
[BlackElo "2410"]
[PlyCount "36"]
[EventDate "2022.11.22"]
[EventType "swiss (blitz)"]
[EventRounds "11"]
[EventCountry "USA"]
[SourceTitle "CBM 211 Extra"]
[Source "ChessBase"]
[SourceDate "2023.01.31"]
[SourceVersion "1"]
[SourceVersionDate "2023.01.31"]
[SourceQuality "1"]

1. Nf3 d5 2. c4 e6 3. g3 c6 4. b3 Nf6 5. Bg2 Nbd7 6. 0-0 Bd6 7. Bb2 0-0 8. e3 a6 9. Qe2 b5 10. d3 Bb7 11. Nc3 Qe7 12. Rfd1 e5 13. cxd5 cxd5 14. e4 d4 15. Nb1 Rac8 16. Nbd2 Rc2 17. Rab1 Ba3 18. Ne1 Rxb2 0-1

[Event "Titled Tuesday intern op 22nd Nov Late"]
[Site "Chess.com INT"]
[Date "2022.11.22"]
[Round "11"]
[White "Baltaci, Ismail Tarik"]
[Black "Salman, Pavel"]
[Result "1-0"]
[WhiteElo "2068"]
[BlackElo "2287"]
[PlyCount "97"]
[EventDate "2022.11.22"]
[EventType "swiss (blitz)"]
[EventRounds "11"]
[EventCountry "USA"]
[SourceTitle "CBM 211 Extra"]
[Source "ChessBase"]
[SourceDate "2023.01.31"]
[SourceVersion "1"]
[SourceVersionDate "2023.01.31"]
[SourceQuality "1"]

1. e4 d6 2. d4 Nf6 3. Nc3 g6 4. Be3 Bg7 5. Qd2 0-0 6. 0-0-0 c5 7. Nf3 Qa5 8. Kb1 Nc6 9. h3 cxd4 10. Nxd4 Nxd4 11. Bxd4 Be6 12. Nd5 Qxd2 13. Nxf6+ Bxf6 14. Rxd2 Bxd4 15. Rxd4 Rac8 16. Bd3 Rc5 17. f4 f5 18. Re1 Rc7 19. e5 d5 20. Rg1 a5 21. g4 fxg4 22. hxg4 b6 23. f5 Bc8 24. Rxd5 e6 25. fxe6 Bxe6 26. Rd6 Bc4 27. Bxc4+ Rxc4 28. b3 Re4 29. e6 Re8 30. Rxb6 R8xe6 31. Rxe6 Rxe6 32. g5 Re5 33. Kb2 Kf7 34. a3 Ke6 35. b4 a4 36. Kc3 Re3+ 37. Kb2 Kf5 38. c4 Rb3+ 39. Ka2 Ke4 40. c5 Kd5 41. Rd1+ Kc6 42. Rd6+ Kc7 43. Ra6 Rg3 44. Rxa4 Kb7 45. Ra5 Rxg5 46. c6+ Kxc6 47. Rxg5 Kb6 48. Kb3 h6 49. Rxg6+ 1-0

[Event "Titled Tuesday intern op 22nd Nov Late"]
[Site "Chess.com INT"]
[Date "2022.11.22"]
[Round "7"]
[White "Gonzalez, Francisco Silva"]
[Black "Baltaci, Ismail Tarik"]
[Result "0-1"]
[WhiteElo "2037"]
[BlackElo "2068"]
[PlyCount "140"]
[EventDate "2022.11.22"]
[EventType "swiss (blitz)"]
[EventRounds "11"]
[EventCountry "USA"]
[SourceTitle "CBM 211 Extra"]
[Source "ChessBase"]
[SourceDate "2023.01.31"]
[SourceVersion "1"]
[SourceVersionDate "2023.01.31"]
[SourceQuality "1"]

1. d4 d6 2. e4 Nf6 3. f3 e5 4. d5 g6 5. c4 Bg7 6. Be3 0-0 7. Nc3 a5 8. Bd3 Na6 9. Na4 Bd7 10. Ne2 h5 11. Bg5 Qe8 12. Nac3 Nh7 13. Bh4 Bh6 14. Nb5 Be3 15. a3 f5 16. Qc2 Kh8 17. Qc3 f4 18. Qxa5 g5 19. Bf2 Bxf2+ 20. Kxf2 b6 21. Qc3 g4 22. b4 Ng5 23. a4 Qe7 24. Rag1 gxf3 25. gxf3 Nh3+ 26. Ke1 Qh4+ 27. Kd2 Nxg1 28. Rxg1 Rg8 29. Qc1 Rxg1 30. Qxg1 Rg8 31. Qb1 Qf2 32. Kc3 Qxf3 33. a5 bxa5 34. bxa5 Nc5 35. Nxc7 Nxe4+ 36. Kb4 Rb8+ 37. Nb5 Nc5 38. Nc1 e4 39. Be2 Qe3 40. Qb2+ Kh7 41. Qf6 Qd2+ 42. Qc3 Qxc3+ 43. Kxc3 f3 44. Nxd6 fxe2 45. Nxe2 Rb3+ 46. Kd4 Nb7 47. Nxb7 Rxb7 48. Kxe4 Ra7 49. c5 Rxa5 50. c6 Bg4 51. Nd4 Kg6 52. d6 Kf7 53. d7 Ke7 54. Kf4 Rc5 55. Kg3 Rc4 56. Nb5 Rxc6 57. h3 Bxd7 58. Nd4 Rc3+ 59. Kh2 Rxh3+ 60. Kg2 Rd3 61. Nf5+ Bxf5 62. Kh2 Kf6 63. Kg2 Kg5 64. Kh2 Kf4 65. Kg2 Rd2+ 66. Kf1 Ke3 67. Ke1 h4 68. Kf1 h3 69. Kg1 h2+ 70. Kf1 h1Q# 0-1

[Event "Titled Tuesday intern op 15th Nov Late"]
[Site "Chess.com INT"]
[Date "2022.11.15"]
[Round "1"]
[White "Timmermans, Mark"]
[Black "Baltaci, Ismail Tarik"]
[Result "0-1"]
[WhiteElo "2394"]
[BlackElo "2068"]
[PlyCount "162"]
[EventDate "2022.11.15"]
[EventType "swiss (blitz)"]
[EventRounds "11"]
[EventCountry "USA"]
[SourceTitle "CBM 211 Extra"]
[Source "ChessBase"]
[SourceDate "2023.01.31"]
[SourceVersion "1"]
[SourceVersionDate "2023.01.31"]
[SourceQuality "1"]

1. b4 d5 2. Bb2 Nf6 3. b5 Bf5 4. e3 Nbd7 5. Nf3 e6 6. c4 Bd6 7. a4 0-0 8. Be2 dxc4 9. Bxc4 e5 10. 0-0 Qe7 11. h3 Rad8 12. Nc3 Rfe8 13. d4 exd4 14. Nxd4 Bg6 15. Qb3 Ne5 16. Be2 Nd3 17. Bxd3 Bxd3 18. Rfd1 Bg6 19. Nf3 Bh5 20. Ne2 Ne4 21. Ned4 Ng5 22. Ba3 Nxf3+ 23. Nxf3 Bxf3 24. gxf3 Bxa3 25. Rxd8 Rxd8 26. Qxa3 Qg5+ 27. Kf1 Qf5 28. Rc1 Qxf3 29. Qe7 Qxh3+ 30. Ke2 Qd7 31. Qxd7 Rxd7 32. a5 Kf8 33. a6 bxa6 34. bxa6 Ke7 35. Rb1 Rd6 36. Rb7 Rxa6 37. Rxc7+ Kf6 38. f4 h6 39. Kf3 g5 40. e4 Ra3+ 41. Kg4 h5+ 42. Kxh5 gxf4 43. Kg4 f3 44. Kf4 f2 45. Rc6+ Ke7 46. Rc1 Ra2 47. Kf3 a5 48. Kg2 Ke6 49. Rc5 a4 50. Ra5 a3 51. Kf1 Ra1+ 52. Kxf2 a2 53. Kg2 f6 54. Kh2 Kd6 55. Kg2 Kc6 56. Kh2 Kb6 57. Ra3 Kc5 58. Ra4 Kb5 59. Ra3 Kb4 60. Ra7 Kc3 61. Kg2 Kd3 62. Ra4 Ke3 63. Kh2 Kf3 64. Ra3+ Kxe4 65. Kg2 f5 66. Ra4+ Ke5 67. Ra3 f4 68. Kh2 Ke4 69. Ra4+ Kf3 70. Ra3+ Kg4 71. Ra4 Kg5 72. Ra5+ Kh4 73. Ra4 Kg4 74. Kg2 Kf5 75. Ra5+ Ke4 76. Ra4+ Ke3 77. Ra3+ Ke2 78. Ra4 f3+ 79. Kg3 f2 80. Re4+ Kd3 81. Rf4 f1Q 0-1

[Event "Titled Tuesday intern op 11th Oct Late"]
[Site "Chess.com INT"]
[Date "2022.10.11"]
[Round "7"]
[White "Baltaci, Ismail Tarik"]
[Black "Reprintsev, Alexander"]
[Result "1-0"]
[WhiteElo "2095"]
[BlackElo "2330"]
[PlyCount "99"]
[EventDate "2022.10.11"]
[EventType "swiss (blitz)"]
[EventRounds "11"]
[EventCountry "USA"]
[SourceTitle "EXT 2024"]
[Source "ChessBase"]
[SourceDate "2023.10.10"]
[SourceVersion "1"]
[SourceVersionDate "2023.10.10"]
[SourceQuality "1"]

1. e4 d5 2. exd5 Qxd5 3. Nc3 Qa5 4. d4 Nf6 5. Nf3 Nc6 6. d5 Nb4 7. Bb5+ Bd7 8. Bxd7+ Nxd7 9. a3 Nf6 10. 0-0 Nbxd5 11. Bd2 e6 12. Re1 0-0-0 13. Qe2 Nxc3 14. Bxc3 Qa6 15. Qxa6 bxa6 16. Ne5 Rg8 17. Nxf7 Re8 18. Ng5 Nd5 19. Bd4 c5 20. Be5 h6 21. Ne4 Rd8 22. Rad1 Be7 23. c4 Nb6 24. b3 g5 25. a4 Nd7 26. Bd6 Rge8 27. Bxe7 Rxe7 28. Nd6+ Kc7 29. Nf5 Ree8 30. Ng7 e5 31. Nxe8+ Rxe8 32. Rd5 Re6 33. f3 Kc6 34. Kf2 a5 35. g4 Re7 36. Kg3 Re8 37. h4 Rb8 38. Red1 Nf8 39. R1d3 Re8 40. hxg5 hxg5 41. Rd6+ Kc7 42. R3d5 e4 43. fxe4 Rxe4 44. Ra6 Ne6 45. Rxa7+ Kc6 46. Rxa5 Re3+ 47. Kf2 Rxb3 48. Ra6+ Rb6 49. Rxb6+ Kxb6 50. Rd6+ 1-0

[Event "Titled Tuesday intern op 11th Oct Late"]
[Site "Chess.com INT"]
[Date "2022.10.11"]
[Round "2"]
[White "Baltaci, Ismail Tarik"]
[Black "Salman, Pavel"]
[Result "1-0"]
[WhiteElo "2095"]
[BlackElo "2287"]
[PlyCount "63"]
[EventDate "2022.10.11"]
[EventType "swiss (blitz)"]
[EventRounds "11"]
[EventCountry "USA"]
[SourceTitle "EXT 2024"]
[Source "ChessBase"]
[SourceDate "2023.10.10"]
[SourceVersion "1"]
[SourceVersionDate "2023.10.10"]
[SourceQuality "1"]

1. e4 c5 2. Nf3 e6 3. d4 cxd4 4. Nxd4 a6 5. b3 Nf6 6. Nd2 Bc5 7. Bb2 Nc6 8. Nxc6 dxc6 9. Bd3 Qe7 10. 0-0 e5 11. Nc4 Ng4 12. h3 h5 13. Qf3 b5 14. Ne3 Nxe3 15. fxe3 Bg4 16. hxg4 hxg4 17. Qg3 Bxe3+ 18. Qxe3 Qh4 19. Bxe5 0-0 20. Qg3 Qh5 21. Rf5 Qh6 22. Raf1 Rae8 23. Bd6 f6 24. Bxf8 Rxf8 25. Qxg4 Qe3+ 26. R5f2 c5 27. Qf3 Qd4 28. c3 Qe5 29. Qf5 Qxc3 30. Qd5+ Rf7 31. e5 f5 32. Rxf5 1-0

[Event "Titled Tuesday intern op 11th Oct Late"]
[Site "Chess.com INT"]
[Date "2022.10.11"]
[Round "6"]
[White "Poltorak, Sebastian"]
[Black "Baltaci, Ismail Tarik"]
[Result "1-0"]
[WhiteElo "2332"]
[BlackElo "2095"]
[PlyCount "65"]
[EventDate "2022.10.11"]
[EventType "swiss (blitz)"]
[EventRounds "11"]
[EventCountry "USA"]
[SourceTitle "EXT 2024"]
[Source "ChessBase"]
[SourceDate "2023.10.10"]
[SourceVersion "1"]
[SourceVersionDate "2023.10.10"]
[SourceQuality "1"]

1. e4 c5 2. Nf3 Nc6 3. Bb5 g6 4. 0-0 Bg7 5. c3 Nf6 6. Re1 0-0 7. d4 cxd4 8. cxd4 d5 9. e5 Ne4 10. Nc3 Nxc3 11. bxc3 Qb6 12. Rb1 a6 13. Bd3 Qc7 14. Bf4 Bg4 15. h3 Bxf3 16. Qxf3 e6 17. Bg5 b5 18. h4 h6 19. Bf6 Ne7 20. h5 Nf5 21. Bxf5 Bxf6 22. exf6 gxf5 23. Re5 Kh7 24. Qf4 Rg8 25. Rbe1 Rg4 26. Qf3 Rag8 27. g3 f4 28. Qd3+ Kh8 29. Kg2 fxg3 30. f3 R4g5 31. f4 Rg4 32. f5 exf5 33. Qxf5 1-0

[Event "Titled Tuesday intern op 11th Oct Late"]
[Site "Chess.com INT"]
[Date "2022.10.11"]
[Round "10"]
[White "Sztokbant, Bernardo Vainzoff"]
[Black "Baltaci, Ismail Tarik"]
[Result "1-0"]
[WhiteElo "2213"]
[BlackElo "2095"]
[PlyCount "67"]
[EventDate "2022.10.11"]
[EventType "swiss (blitz)"]
[EventRounds "11"]
[EventCountry "USA"]
[SourceTitle "EXT 2024"]
[Source "ChessBase"]
[SourceDate "2023.10.10"]
[SourceVersion "1"]
[SourceVersionDate "2023.10.10"]
[SourceQuality "1"]

1. d4 d5 2. c4 e6 3. Nf3 c5 4. e3 Nf6 5. Nc3 Nc6 6. a3 cxd4 7. exd4 dxc4 8. Bxc4 Be7 9. 0-0 0-0 10. Re1 b6 11. Qd3 Bb7 12. Ba2 Rc8 13. Bf4 Nd5 14. Nxd5 exd5 15. Rad1 Bf6 16. Bb1 g6 17. Ne5 Re8 18. Ba2 Bg5 19. Bxg5 Qxg5 20. Bxd5 Nxe5 21. dxe5 Rcd8 22. Qe4 Rxd5 23. Rxd5 Qe7 24. Qd4 Bxd5 25. Qxd5 Rd8 26. Qe4 Kg7 27. g3 Rc8 28. h4 Rc5 29. Qd4 Qe6 30. h5 Rd5 31. Qf4 h6 32. hxg6 fxg6 33. Qe4 g5 34. Qe3 1-0

[Event "Titled Tuesday intern op 04th Oct Late"]
[Site "Chess.com INT"]
[Date "2022.10.04"]
[Round "4"]
[White "Fiorito, Francisco"]
[Black "Baltaci, Ismail Tarik"]
[Result "1-0"]
[WhiteElo "2304"]
[BlackElo "2095"]
[PlyCount "73"]
[EventDate "2022.10.04"]
[EventType "swiss (blitz)"]
[EventRounds "11"]
[EventCountry "USA"]
[SourceTitle "EXT 2023"]
[Source "ChessBase"]
[SourceDate "2022.10.05"]
[SourceVersion "1"]
[SourceVersionDate "2022.10.05"]
[SourceQuality "1"]

1. e4 c5 2. Nf3 e6 3. Nc3 Nc6 4. d4 cxd4 5. Nxd4 Qc7 6. Nxc6 Qxc6 7. Bd3 a6 8. 0-0 b5 9. Ne2 Bb7 10. Be3 Nf6 11. Nd4 Qc7 12. f3 Be7 13. Bf2 0-0 14. Re1 d6 15. Qd2 Rac8 16. a4 b4 17. a5 d5 18. e5 Nd7 19. Qf4 Nc5 20. Bf1 f6 21. Qg4 f5 22. Qf4 g5 23. Qd2 h6 24. Rec1 Qxe5 25. Re1 Qf6 26. Qxb4 e5 27. Nb3 Nxb3 28. Qxb3 Bc6 29. Bxa6 Rb8 30. Qa2 Bb5 31. Qxd5+ Kg7 32. Bxb5 Rfd8 33. Qc6 Rd6 34. Qc4 Rbd8 35. a6 g4 36. fxg4 f4 37. a7 1-0

[Event "Titled Tuesday intern op 27th Sep Late"]
[Site "Chess.com INT"]
[Date "2022.09.27"]
[Round "3"]
[White "Baltaci, Ismail Tarik"]
[Black "Culum, Sanjin"]
[Result "1-0"]
[WhiteElo "2092"]
[BlackElo "2351"]
[PlyCount "151"]
[EventDate "2022.09.27"]
[EventType "swiss (blitz)"]
[EventRounds "11"]
[EventCountry "USA"]
[SourceTitle "CBM 210 Extra"]
[Source "ChessBase"]
[SourceDate "2022.11.30"]
[SourceVersion "1"]
[SourceVersionDate "2022.11.30"]
[SourceQuality "1"]

1. e4 a6 2. d4 b5 3. Bd3 Bb7 4. Nf3 e6 5. 0-0 g6 6. a4 b4 7. a5 Bg7 8. Re1 d6 9. Bd2 c5 10. c3 bxc3 11. bxc3 Nc6 12. d5 Ne5 13. Nxe5 Bxe5 14. f4 Bg7 15. Na3 Ne7 16. c4 0-0 17. Rb1 Rb8 18. Nc2 exd5 19. exd5 Re8 20. Ne3 Qd7 21. Kh1 f5 22. Bc2 Qc7 23. Ba4 Rf8 24. Qc2 Ba8 25. Bc3 Rxb1 26. Rxb1 Bxc3 27. Qxc3 Rb8 28. Rxb8+ Qxb8 29. h4 Qb1+ 30. Kh2 Qe4 31. g3 Bxd5 32. cxd5 Qxa4 33. Qf6 Qe4 34. Ng2 Nxd5 35. Qxd6 c4 36. Qd8+ Kg7 37. Qd7+ Ne7 38. Qc7 Qe2 39. Kg1 Kf7 40. h5 Qd1+ 41. Kf2 Qd2+ 42. Kf1 c3 43. hxg6+ hxg6 44. Qc4+ Nd5 45. Ne3 Qxe3 46. Qxd5+ Qe6 47. Qb7+ Kf6 48. Qc7 Qe3 49. Qd8+ Kg7 50. Qc7+ Kh6 51. Qc8 Qf3+ 52. Ke1 Qxg3+ 53. Kd1 Qf3+ 54. Kc2 Kh5 55. Qxa6 Kg4 56. Qxg6+ Kxf4 57. a6 Qe2+ 58. Kxc3 Qe3+ 59. Kb4 Qe4+ 60. Kb5 Qd5+ 61. Kb6 Qb3+ 62. Ka7 Qe3+ 63. Kb7 Qb3+ 64. Kc7 Qc4+ 65. Kd7 Qb5+ 66. Ke7 Qc5+ 67. Qd6+ Qxd6+ 68. Kxd6 Ke3 69. a7 f4 70. a8Q f3 71. Qa3+ Ke2 72. Qb2+ Kf1 73. Ke5 f2 74. Kf4 Kg1 75. Kg3 f1Q 76. Qh2# 1-0

[Event "Titled Tuesday intern op 27th Sep Late"]
[Site "Chess.com INT"]
[Date "2022.09.27"]
[Round "4"]
[White "Principe, Gerson"]
[Black "Baltaci, Ismail Tarik"]
[Result "1-0"]
[WhiteElo "2220"]
[BlackElo "2092"]
[PlyCount "53"]
[EventDate "2022.09.27"]
[EventType "swiss (blitz)"]
[EventRounds "11"]
[EventCountry "USA"]
[SourceTitle "CBM 210 Extra"]
[Source "ChessBase"]
[SourceDate "2022.11.30"]
[SourceVersion "1"]
[SourceVersionDate "2022.11.30"]
[SourceQuality "1"]

1. d4 d5 2. Nf3 e6 3. g3 c5 4. Bg2 Nc6 5. 0-0 Nf6 6. c4 Be7 7. cxd5 exd5 8. Nc3 0-0 9. Bg5 Bg4 10. dxc5 d4 11. Na4 Re8 12. Re1 Qa5 13. Bd2 Qb5 14. b3 Rad8 15. h3 Bh5 16. Rc1 Bf8 17. Bg5 Re6 18. Qd3 Qa5 19. Bd2 Qc7 20. b4 Bg6 21. Qb3 Ne4 22. Bf4 Qd7 23. Rcd1 Qe8 24. a3 a6 25. Qc4 Nf6 26. Nb6 Nd5 27. Nxd5 1-0

[Event "Titled Tuesday intern op 02nd Aug Late"]
[Site "Chess.com INT"]
[Date "2022.08.02"]
[Round "7"]
[White "Altman, Joshua"]
[Black "Baltaci, Ismail Tarik"]
[Result "1/2-1/2"]
[WhiteElo "2162"]
[BlackElo "2046"]
[PlyCount "164"]
[EventDate "2022.08.02"]
[EventType "swiss (blitz)"]
[EventRounds "11"]
[EventCountry "USA"]
[SourceTitle "EXT 2023"]
[Source "ChessBase"]
[SourceDate "2022.10.05"]
[SourceVersion "1"]
[SourceVersionDate "2022.10.05"]
[SourceQuality "1"]

1. d4 Nf6 2. c4 e6 3. Nf3 d5 4. cxd5 exd5 5. Nc3 c6 6. Bg5 Bf5 7. e3 Be7 8. Bd3 Bxd3 9. Qxd3 0-0 10. 0-0 Nbd7 11. Rab1 a5 12. h3 Nh5 13. Bxe7 Qxe7 14. a3 b5 15. Rbc1 Nb6 16. Ne5 Rac8 17. Ne2 Nc4 18. Nxc4 bxc4 19. Qd2 Rb8 20. Nc3 Nf6 21. Rfe1 Rfe8 22. Rc2 Rb3 23. Na4 Ne4 24. Qxa5 Reb8 25. Ree2 Rd3 26. Nc3 Nxc3 27. Rxc3 Rd1+ 28. Kh2 Qd6+ 29. f4 h5 30. Qc5 Qg6 31. Qe7 f6 32. e4 Re8 33. f5 Rxe7 34. fxg6 Rxd4 35. Rce3 dxe4 36. Kg3 f5 37. Kf4 Rd5 38. g4 hxg4 39. hxg4 fxg4 40. Kxg4 Rd6 41. Rxe4 Rxg6+ 42. Kf3 Rf6+ 43. Kg3 Rg6+ 44. Kf3 Rf7+ 45. Ke3 Rg3+ 46. Kd4 Rb7 47. Kxc4 Rgb3 48. Re8+ Kf7 49. Rc8 R7b6 50. Rxc6 Rxb2 51. Rxb6 Rxb6 52. a4 g5 53. a5 Rb1 54. Rf2+ Kg6 55. Ra2 Rb8 56. Kd4 Kf5 57. Ke3 Kg4 58. Kf2 Kh3 59. a6 g4 60. a7 Rf8+ 61. Kg1 Ra8 62. Ra3+ g3 63. Ra6 Rd8 64. Rh6+ Kg4 65. Ra6 Ra8 66. Rg6+ Kf4 67. Rf6+ Ke3 68. Re6+ Kf3 69. Rf6+ Kg4 70. Rg6+ Kf4 71. Rf6+ Kg5 72. Ra6 Kh4 73. Kg2 Kg4 74. Rg6+ Kf4 75. Ra6 Kg4 76. Ra4+ Kf5 77. Kxg3 Ke6 78. Kf4 Kd6 79. Ke4 Kc6 80. Kd4 Kb7 81. Kc5 Rxa7 82. Rxa7+ Kxa7 1/2-1/2

[Event "Titled Tuesday intern op 26th Jul Late"]
[Site "Chess.com INT"]
[Date "2022.07.26"]
[Round "7"]
[White "Ljukin, Sergei"]
[Black "Baltaci, Ismail Tarik"]
[Result "0-1"]
[WhiteElo "2362"]
[BlackElo "2046"]
[PlyCount "84"]
[EventDate "2022.07.26"]
[EventType "swiss (blitz)"]
[EventRounds "11"]
[EventCountry "USA"]
[SourceTitle "EXT 2023"]
[Source "ChessBase"]
[SourceDate "2022.10.05"]
[SourceVersion "1"]
[SourceVersionDate "2022.10.05"]
[SourceQuality "1"]

1. e4 c5 2. Nf3 e6 3. d4 cxd4 4. Nxd4 Nc6 5. Nc3 Qc7 6. Be3 a6 7. Qd2 b5 8. 0-0-0 Bb7 9. f4 Nf6 10. e5 b4 11. exf6 bxc3 12. Qxc3 gxf6 13. Nxc6 Qxc6 14. Qxc6 Bxc6 15. Rg1 f5 16. Bd4 Rg8 17. g3 Bg7 18. c4 h5 19. c5 Bxd4 20. Rxd4 h4 21. b4 Ke7 22. Kb2 hxg3 23. hxg3 Rh8 24. Kb3 Rh2 25. a4 Be4 26. Bd3 Bd5+ 27. Bc4 Be4 28. Bd3 Bd5+ 29. Bc4 Bc6 30. b5 axb5 31. axb5 Be4 32. Rgd1 Raa2 33. Rxd7+ Kf6 34. c6 Rhb2+ 35. Kc3 Rc2+ 36. Kd4 Ra4 37. Kc5 Raxc4+ 38. Kb6 Bxc6 39. bxc6 Rxc6+ 40. Kb5 R6c3 41. Rb7 Rxg3 42. Rdd7 Rb3+ 0-1

[Event "Titled Tuesday intern op 26th Jul Late"]
[Site "Chess.com INT"]
[Date "2022.07.26"]
[Round "1"]
[White "Nazaretyan, Tigran"]
[Black "Baltaci, Ismail Tarik"]
[Result "1/2-1/2"]
[WhiteElo "2316"]
[BlackElo "2046"]
[PlyCount "82"]
[EventDate "2022.07.26"]
[EventType "swiss (blitz)"]
[EventRounds "11"]
[EventCountry "USA"]
[SourceTitle "EXT 2023"]
[Source "ChessBase"]
[SourceDate "2022.10.05"]
[SourceVersion "1"]
[SourceVersionDate "2022.10.05"]
[SourceQuality "1"]

1. d4 Nf6 2. c4 g6 3. Nc3 Bg7 4. e4 d6 5. Nf3 0-0 6. Be2 e5 7. 0-0 Nbd7 8. Be3 Qe7 9. Qc2 c6 10. d5 c5 11. Ne1 Ne8 12. Nd3 f5 13. f3 f4 14. Bd2 g5 15. b4 b6 16. a4 Rb8 17. a5 Ndf6 18. h3 h5 19. axb6 axb6 20. Nf2 g4 21. hxg4 hxg4 22. fxg4 Nh7 23. Nb5 Bf6 24. Ra7 Rb7 25. Rfa1 Bh4 26. Nh3 Ng5 27. Rxb7 Bxb7 28. Nxg5 Qxg5 29. Ra7 Bg3 30. Rxb7 Qh4 31. Bf3 Qh2+ 32. Kf1 Qh1+ 33. Ke2 Qg1 34. Qd1 Qf2+ 35. Kd3 Nf6 36. Qh1 Ra8 37. Qh6 Qf1+ 38. Kc3 Qa1+ 39. Kd3 Qf1+ 40. Kc3 Qa1+ 41. Kd3 Qf1+ 1/2-1/2

[Event "Titled Tuesday intern op 26th Jul Late"]
[Site "Chess.com INT"]
[Date "2022.07.26"]
[Round "3"]
[White "Suder, Jakub"]
[Black "Baltaci, Ismail Tarik"]
[Result "1-0"]
[WhiteElo "2320"]
[BlackElo "2046"]
[PlyCount "77"]
[EventDate "2022.07.26"]
[EventType "swiss (blitz)"]
[EventRounds "11"]
[EventCountry "USA"]
[SourceTitle "EXT 2023"]
[Source "ChessBase"]
[SourceDate "2022.10.05"]
[SourceVersion "1"]
[SourceVersionDate "2022.10.05"]
[SourceQuality "1"]

1. d4 Nf6 2. c4 e6 3. Nc3 d5 4. cxd5 exd5 5. Bg5 c6 6. e3 Be7 7. Bd3 0-0 8. Nge2 Nbd7 9. Qc2 Re8 10. 0-0 h6 11. Bf4 Nh5 12. Nxd5 Nxf4 13. Nxe7+ Qxe7 14. Nxf4 Nf6 15. Rab1 Qd6 16. b4 a6 17. a4 Nd5 18. Nxd5 Qxd5 19. b5 axb5 20. axb5 Bd7 21. b6 Qg5 22. Rfc1 Ra5 23. Ra1 Rea8 24. Rxa5 Rxa5 25. Qc3 Bh3 26. Bf1 Rb5 27. Kh1 Rf5 28. f4 Qg4 29. gxh3 Qf3+ 30. Bg2 Qf2 31. Rf1 Qe2 32. e4 Rb5 33. Qf3 Qd2 34. Rd1 Qc2 35. d5 cxd5 36. exd5 Rxb6 37. d6 Rb1 38. Rxb1 Qxb1+ 39. Bf1 1-0

[Event "Titled Tuesday intern op 19th Jul Late"]
[Site "Chess.com INT"]
[Date "2022.07.19"]
[Round "11"]
[White "Baltaci, Ismail Tarik"]
[Black "Chernomordik, Pavel"]
[Result "1-0"]
[WhiteElo "2046"]
[BlackElo "2197"]
[PlyCount "117"]
[EventDate "2022.07.19"]
[EventType "swiss (blitz)"]
[EventRounds "11"]
[EventCountry "USA"]
[SourceTitle "EXT 2023"]
[Source "ChessBase"]
[SourceDate "2022.10.05"]
[SourceVersion "1"]
[SourceVersionDate "2022.10.05"]
[SourceQuality "1"]

1. e4 g6 2. d4 Bg7 3. c4 Nc6 4. d5 Nd4 5. Nc3 c5 6. Be3 e5 7. Nf3 d6 8. Nd2 f5 9. f3 Nf6 10. Bd3 fxe4 11. Ndxe4 Nf5 12. Bg5 h6 13. Bd2 0-0 14. 0-0 Kh7 15. Qc2 Nd4 16. Qb1 Nh5 17. Nxc5 dxc5 18. Bxg6+ Kh8 19. Bxh5 Bf5 20. Qd1 Qh4 21. f4 e4 22. Be3 Bh7 23. g3 Qe7 24. Qd2 Nf5 25. Rae1 Nxe3 26. Rxe3 Bd4 27. Kg2 Bxe3 28. Qxe3 b6 29. f5 Rf6 30. Nxe4 Bxf5 31. Re1 Bxe4+ 32. Qxe4 Qxe4+ 33. Rxe4 Raf8 34. Re2 b5 35. b3 bxc4 36. bxc4 Ra6 37. Bg4 Kg7 38. Re7+ Rf7 39. Re2 Ra4 40. Be6 Rf8 41. d6 Rd8 42. d7 Ra6 43. Bf5 Kf6 44. g4 h5 45. h3 hxg4 46. hxg4 Rd6 47. Kg3 Kg5 48. Re7 Rd4 49. Rg7+ Kf6 50. Rg6+ Kf7 51. Rc6 Rxc4 52. Be6+ Ke7 53. Bxc4 Rxd7 54. Rxc5 Rd4 55. Bb3 Kd6 56. Ra5 Kc7 57. Rxa7+ Kb6 58. Rf7 Kc5 59. g5 1-0

[Event "Titled Tuesday intern op 19th Jul Late"]
[Site "Chess.com INT"]
[Date "2022.07.19"]
[Round "6"]
[White "Baltaci, Ismail Tarik"]
[Black "Mendez Fortes, Eduardo Jesus"]
[Result "1-0"]
[WhiteElo "2046"]
[BlackElo "2250"]
[PlyCount "67"]
[EventDate "2022.07.19"]
[EventType "swiss (blitz)"]
[EventRounds "11"]
[EventCountry "USA"]
[SourceTitle "EXT 2023"]
[Source "ChessBase"]
[SourceDate "2022.10.05"]
[SourceVersion "1"]
[SourceVersionDate "2022.10.05"]
[SourceQuality "1"]

1. Nf3 d5 2. g3 Nc6 3. Bg2 Bg4 4. d4 Qd7 5. h3 Bxf3 6. Bxf3 f5 7. Bf4 Nf6 8. c4 e6 9. Nc3 dxc4 10. d5 exd5 11. Nxd5 Nxd5 12. Qxd5 0-0-0 13. Qxc4 Nd4 14. 0-0 Nxf3+ 15. exf3 Bd6 16. Rfd1 Qc6 17. Qe6+ Kb8 18. Qxf5 Qxf3 19. Qg5 Be7 20. Rxd8+ Rxd8 21. Qxe7 Rc8 22. Re1 b6 23. Qe4 Qh5 24. Rc1 Qf7 25. Qc6 h6 26. h4 g5 27. hxg5 hxg5 28. Bxg5 Qxa2 29. Bf4 Qf7 30. b4 Qg7 31. b5 Qf7 32. Rd1 Rg8 33. Rd7 Qxf4 34. Rd8+ 1-0